| 000 | 00650 a2200205 4500 | ||
|---|---|---|---|
| 010 | _aENG-88982 | ||
| 020 |
_c200.00 _a8181574249 |
||
| 035 | _aEN-72515 | ||
| 037 | _bDBAD / PUB | ||
| 082 | 1 | 4 | _aN |
| 090 |
_c9802 _d9802 |
||
| 100 | _aRao, Jayanthi Papa | ||
| 245 | 1 | 0 |
_aThe gift packet : _cby Jayanthi Papa Rao _ba novel / |
| 260 |
_aCalcutta _bWriters Workshop _c2005 |
||
| 270 |
_a162/92, Lake Gardens, _bCalcutta _e700 045 |
||
| 300 |
_a144p. _c22 cm ( Hb) |
||
| 490 | _aWriters workshop saffronbird book | ||
| 942 |
_adpl _cEN _kN / RAO |
||
| 999 |
_c9623 _d9623 |
||